000 00759nam a2200205Ia 4500
005 20260121110344.0
008 008 260114s9999 xx 000 0 hin d
020 _a9788132361190
037 _aEBOOK
040 _aCRL
_bhin
_cCRL
041 _ahin
_2hin
084 _qCRL
100 _aसुधीर राणा / Jyoti Pushkar
_9945156
245 0 _aपफुटबाल का इतिहास, स्वरूप नियम एवं प्रमुख खिलाड़ी / Football ka itihas, swaroop niyam aur pramukh khiladi
260 _bभाषा प्रकाशन / Bhasha Prakashan
_c2021
856 _uhttps://bhashaprakashan.com/product-details/379070
942 _cEBOOK
999 _c1536820
_d1536820